Albums by Cover Art - Progressive Rock - Statistics

General Stats
  • This quiz has been taken 299 times
  • The average score is 11 of 20
Answer Stats
Picture Answer % Correct
Pink Floyd - Animals
94%
Yes - Fragile
83%
Frank Zappa - Apostrophe
82%
Rush - Moving Pictures
77%
King Crimson - Red
74%
Jethro Tull - Aqualung
70%
Genesis - Selling England by the Pound
68%
Camel - Mirage
65%
Mark Oldfield - Tubular Bells
56%
Kansas - Leftoverture
54%
The Alan Parsons Project - Eye in the Sky
51%
Emerson, Lake & Palmer - Emerson, Lake & Palmer
48%
Supertramp - Crime of the Century
45%
The Moody Blues - The Days of Future Passed
37%
Porcupine Tree - In Absentia
36%
Van der Graaf Generator - Pawn Hearts
36%
Tool - Lateralus
34%
Soft Machine - Third
32%
The Mars Volta - De-Loused in the Comatorium
27%
Opeth - Ghost Reveries
26%
No matching quizzes found
Score Distribution
Percent of People with Each Score
Percentile by Number Answered
Your Score History
You have not taken this quiz